MARC

LEADER 00000nab a2200000 a 4500
001 vtls008876807
003 SK-MaSNL
005 20260426090545.0
008 040806c2003 xo 0 slo
015 |a SNBCL2005/5 
035 |a SLK037565 
040 |a SLKCL  |b slo  |c SNKBUCL  |e AACR2 
041 1 |a slo 
044 |a xo  |c SK 
080 |a 614.2:616-036.887:725.516  |2 1981 
100 1 |a Bošmanský, Karol,  |d 1927-2016  |4 aut  |9 119482 
245 1 0 |a Aktuálne o hospicoch  |c K. Bošmanský 
650 0 7 |a hospice  |2 MESH  |9 19856 
650 0 7 |a hospicová starostlivosť  |2 MESH  |9 28603 
650 0 7 |a terminálna starostlivosť  |2 MESH  |9 256220 
650 0 7 |a pacient v terminálnom štádiu  |2 MESH  |9 1500812 
650 0 7 |a agentúry domácej ošetrovateľskej starostlivosti  |2 MESH  |9 15741 
651 7 |a Slovensko  |2 SNKBUCL  |9 14231 
651 7 |a Slovensko  |2 MESH  |9 14231 
773 0 |w SERIAL_GENERAL*000217*2003*003*001  |t Informačný bulletin  |g Roč. 12, č. 1-2 (2003), s. 31 
850 |a Slovenská lekárska knižnica v Bratislave  |a BA006 
852 |a BA006  |b KIS3GCP  |b 000500000 
999 |c 2995417  |d 2997347